| 000 | 00410nam a2200157Ia 4500 | ||
|---|---|---|---|
| 008 | 230917s9999||||xx |||||||||||||| ||und|| | ||
| 020 | _cRS100 | ||
| 040 |
_e9730 _aMAIN |
||
| 041 | _aEnglish | ||
| 082 | _a338.91734 S577F | ||
| 100 | _aSurat Singh | ||
| 245 | 0 | _aFacets of development in rural society | |
| 260 |
_aNilokhari _bHaryana institute of Rural Development _c1997 |
||
| 300 | _a224 p. | ||
| 942 | _cBK | ||
| 999 |
_c98877 _d98877 |
||